Statistiques concernant Maisons principales de Game Of Thrones

Cliquez ici pour prendre le quiz!

Statistiques générales

  • Ce quiz a été pris 2 637 fois
  • Le résultat moyen est 7 sur 9

Statistiques - réponses

IndicesMaisons% Correct
Cersei // Lion // TyrionLannister
98%
Jon Snow // Nord // Winter Is ComingStark
97%
Daenerys // Dragon // Feu et sangTargaryen
95%
Cerf // Orage // Roi des 7 couronnesBaratheon
93%
Îles de Fer // Seiche // TheonGreyjoy
87%
Bief // Jardins // RoseTyrell
77%
Dorne // Soleil // Très ancienneMartell
70%
Conflans // Truite // VivesaiguesTully
68%
Faucon // Lance du géant // LuneArryn
55%

Distribution des résultats

Percentile par nombre de réponses

% des personnes avec chaque résultat

Votre développement - résultats

Vous n’avez pas pris ce quiz